|
|
|
|
| LEADER |
02040nam a2200553 a 4500 |
| 001 |
000586216 |
| 003 |
CZ BrMZK |
| 005 |
20230907075752.0 |
| 007 |
ta |
| 008 |
020207s2000 xr g 000 jdcze d |
| 015 |
|
|
|a cnb000983441
|
| 020 |
|
|
|a 80-7295-005-3
|q (brož.)
|
| 035 |
|
|
|a (OCoLC)85008236
|
| 040 |
|
|
|a BOA001
|c ze
|d BOA001
|
| 043 |
|
|
|a e-xr---
|
| 072 |
|
7 |
|a 821-97
|x Náboženská literatura. Duchovní literatura
|2 Konspekt
|9 25
|
| 072 |
|
7 |
|a 27-4
|x Praktická teologie. Morální teologie
|2 Konspekt
|9 5
|
| 080 |
|
|
|a 929
|2 MRF
|
| 080 |
|
|
|a 272-726.3
|2 MRF
|
| 080 |
|
|
|a 27-184.3
|2 MRF
|
| 080 |
|
|
|a 27-4
|2 MRF
|
| 080 |
|
|
|a 27-584
|2 MRF
|
| 080 |
|
|
|a 27-184
|2 MRF
|
| 080 |
|
|
|a 17.02
|2 MRF
|
| 080 |
|
|
|a (437.3)
|2 MRF
|
| 080 |
|
|
|a (0:82-32)
|2 MRF
|
| 080 |
|
|
|a (0:82-4)
|2 MRF
|
| 080 |
|
|
|a (0:82-84)
|2 MRF
|
| 100 |
1 |
|
|a Mikulášek, Jiří,
|d 1942-
|7 jo20000075209
|4 aut
|
| 245 |
1 |
0 |
|a Stříbrné vteřiny /
|c Jiří Mikulášek
|
| 250 |
|
|
|a 1. vyd.
|
| 260 |
|
|
|a Brno :
|b Cesta,
|c 2000
|
| 300 |
|
|
|a 82 s. ;
|c 16 cm
|
| 500 |
|
|
|a Dostupné též v digitální podobě v aplikaci Kramerius
|
| 600 |
1 |
7 |
|a Mikulášek, Jiří,
|d 1942-
|7 jo20000075209
|2 czenas
|
| 650 |
0 |
7 |
|a katoličtí kněží
|7 ph114899
|z Česko
|y 20.-21. stol.
|2 czenas
|
| 650 |
0 |
7 |
|a křesťanská víra
|7 ph122113
|2 czenas
|
| 650 |
0 |
7 |
|a křesťanský život
|7 ph122132
|2 czenas
|
| 650 |
0 |
7 |
|a duchovní život
|7 ph114375
|2 czenas
|
| 650 |
0 |
7 |
|a Bůh a člověk
|7 ph116953
|2 czenas
|
| 650 |
0 |
7 |
|a životní moudrost
|7 ph128026
|2 czenas
|
| 655 |
|
7 |
|a příběhy
|7 fd133204
|2 czenas
|
| 655 |
|
7 |
|a úvahy
|7 fd134000
|2 czenas
|
| 655 |
|
7 |
|a citáty
|7 fd131832
|2 czenas
|
| 856 |
4 |
1 |
|u http://www.digitalniknihovna.cz/mzk/uuid/uuid:76abe5c0-5065-11ee-81b9-005056827e51
|y Digitalizovaný dokument
|x NDK
|
| 910 |
|
|
|a BOA001
|b 1-1098.157
|
| 990 |
|
|
|a BK
|
| 996 |
6 |
|
|b 2610153054
|c 1-1098.157
|l MZK
|r Sklad / do 1 hodiny
|n 0
|p p.v.
|w 000586216
|u 000010
|a 1
|e BOA001
|j MZK50
|s P
|
| 996 |
7 |
|
|b 2610196081
|c 1-1098.157
|l MZK
|r Sklad / do 1 hodiny
|n 3
|p p.v.
|w 000586216
|u 000020
|a 1
|e BOA001
|j MZK50
|s A
|